| 000 | 01493nam a2200337Ia 4500 | ||
|---|---|---|---|
| 001 | ebr10039000 | ||
| 003 | CaPaEBR | ||
| 006 | m u | ||
| 007 | cr cn||||||||| | ||
| 008 | 010725s2002 enk sb 101 0 eng d | ||
| 010 | _z 2001040650 | ||
| 020 | _z0333977181 (cloth) | ||
| 040 |
_aCaPaEBR _cCaPaEBR |
||
| 035 | _a(OCoLC)54069944 | ||
| 050 | 1 | 4 |
_aHG2980.7.A6 _bB364 2002eb |
| 082 | 0 | 4 |
_a332.1/0947 _221 |
| 245 | 0 | 0 |
_aBanking and monetary policy in Eastern Europe _h[electronic resource] : _bthe first ten years / _cedited by Adalbert Winkler. |
| 260 |
_aHoundmills ; _aNew York : _bPalgrave, _cc2002. |
||
| 300 | _axiv, 225 p. | ||
| 490 | 1 | _aStudies in economic transition | |
| 500 | _aThis book is based on papers submitted and discussions held at a conference which took place at Wasserschloss Klaffenbach near Chemnitz, Germany in February 2000. | ||
| 504 | _aIncludes bibliographical references and index. | ||
| 533 |
_aElectronic reproduction. _bPalo Alto, Calif. : _cebrary, _d2009. _nAvailable via World Wide Web. _nAccess may be limited to ebrary affiliated libraries. |
||
| 650 | 0 |
_aBanks and banking _zEurope, Eastern. |
|
| 650 | 0 |
_aMonetary policy _zEurope, Eastern. |
|
| 655 | 7 |
_aElectronic books. _2local |
|
| 700 | 1 |
_aWinkler, Adalbert, _d1962- |
|
| 710 | 2 | _aebrary, Inc. | |
| 830 | 0 | _aStudies in economic transition. | |
| 856 | 4 | 0 |
_uhttp://site.ebrary.com/lib/rucke/Doc?id=10039000 _zAn electronic book accessible through the World Wide Web; click to view |
| 999 |
_c165885 _d165885 |
||